BBC Ghosts - New Version - Statistics

General Stats
  • This quiz has been taken 368 times
  • The average score is 12 of 15
Answer Stats
Hint Answer % Correct
Fawcett Julian
99%
Button Fannie
98%
Butcher Pat
98%
Thorne Thomas
97%
Main Couple Alison
96%
Mike
96%
Robin
93%
Kitty
92%
Mary
89%
No Surname Mentioned The Captain
89%
Humphrey
81%
Carol
73%
George
58%
Rachel
50%
Heather
40%
No matching quizzes found
Score Distribution
Percent of People with Each Score
Percentile by Number Answered
Your Score History
You have not taken this quiz